|
|
|
|
| LEADER |
01028nam a2200265 u 4500 |
| 001 |
10046119 |
| 003 |
upatras |
| 005 |
20210117200218.0 |
| 008 |
030319s1973 be fre |
| 040 |
|
|
|a GR-PaULI
|c GR-PaULI
|
| 041 |
0 |
|
|a fre
|
| 082 |
0 |
4 |
|a 150
|
| 100 |
1 |
|
|a Wyatt, Gertrud L.
|d 1903-
|9 37072
|
| 245 |
1 |
0 |
|a La relation mere-enfant et l'acquisition du langage
|c Gertruad L. Wyatt; traduit de l'anglais par F. Lucas-Defefve
|
| 260 |
|
|
|a Bruxelles
|b Charles Dessart
|c 1973, c1969
|
| 300 |
|
|
|a 242 p.
|c 18 cm.
|
| 490 |
0 |
|
|a Psychologie et sciences humaines
|v 45
|
| 650 |
|
4 |
|a Παιδιά
|x Γλώσσα
|9 36964
|
| 700 |
1 |
|
|a Lucas-Debefve, F.
|4 trl
|9 37073
|
| 760 |
0 |
|
|a Psychologie et sciences humaines
|g 45
|
| 852 |
|
|
|a GR-PaULI
|b ΠΑΤΡΑ
|b ΠΤΔΕ
|k ΑΣΧΞ
|h 150 PSY
|m 1250
|p 025000030551
|t 1
|
| 942 |
|
|
|2 ddc
|c BK15
|
| 952 |
|
|
|0 0
|1 0
|4 0
|6 150_000000000000000_PSY
|7 0
|9 35920
|a PTDE
|b PTDE
|d 2016-04-24
|i 1250
|l 0
|o 150 PSY
|p 025000030551
|r 2016-04-24 00:00:00
|t 1
|w 2016-04-24
|y BK15
|
| 998 |
|
|
|c ΤΣΕΝΕ
|d 2003-03
|
| 999 |
|
|
|c 22974
|d 22974
|